Present-day Russian psychology; (Record no. 82)
[ view plain ]
| 000 -LEADER | |
|---|---|
| fixed length control field | 01454cam a22002891 4500 |
| 001 - CONTROL NUMBER | |
| control field | 3115352 |
| 003 - CONTROL NUMBER IDENTIFIER | |
| control field | OSt |
| 005 - DATE AND TIME OF LATEST TRANSACTION | |
| control field | 20240422180859.0 |
| 008 - FIXED-LENGTH DATA ELEMENTS--GENERAL INFORMATION | |
| fixed length control field | 711020s1966 enk b 000 0 eng |
| 010 ## - LIBRARY OF CONGRESS CONTROL NUMBER | |
| LC control number | 66025316 |
| 040 ## - CATALOGING SOURCE | |
| Original cataloging agency | DLC |
| Transcribing agency | DLC |
| Modifying agency | DLC |
| 043 ## - GEOGRAPHIC AREA CODE | |
| Geographic area code | e-ur--- |
| 050 00 - LIBRARY OF CONGRESS CALL NUMBER | |
| Classification number | BF108.R8 |
| Item number | O3 |
| 082 00 - DEWEY DECIMAL CLASSIFICATION NUMBER | |
| Classification number | 150/.947 |
| Author Mark | PRE |
| 100 1# - MAIN ENTRY--PERSONAL NAME | |
| Personal name | O'Connor, Neil. |
| 9 (RLIN) | 37564 |
| 245 10 - TITLE STATEMENT | |
| Title | Present-day Russian psychology; |
| Statement of responsibility, etc. | a symposium by seven authors, edited by Neil O'Connor. |
| 250 ## - EDITION STATEMENT | |
| Edition statement | [1st ed.] |
| 260 ## - PUBLICATION, DISTRIBUTION, ETC. | |
| Place of publication, distribution, etc. | Oxford, |
| -- | New York, |
| Name of publisher, distributor, etc. | Pergamon Press |
| Date of publication, distribution, etc. | [1966] |
| 300 ## - PHYSICAL DESCRIPTION | |
| Extent | xv, 201 p. |
| Dimensions | 20 cm. |
| 490 0# - SERIES STATEMENT | |
| Series statement | The Commonwealth and international library. Mental health and social medicine division |
| 504 ## - BIBLIOGRAPHY, ETC. NOTE | |
| Bibliography, etc. note | Includes bibliographies. |
| 505 0# - FORMATTED CONTENTS NOTE | |
| Formatted contents note | Editor's introduction.--Attention, consciousness, and voluntary control of behaviour in Soviet psychology; philosophical roots and research branches, by J. A. Gray.--Psychotherapy in the Soviet Union, by B. H. Kirman.--Some statistical and cybernetic models in recent Soviet psychology, by P. M. A. Rabbitt.--Abnormal psychology in the U.S.S.R., by R. Lynn.--Soviet psycholinguistics, by D. I. Slobin.--Studies on the mental development of the child, by L. Rahmani.--Contemporary Soviet psychology, by J. Brožek. |
| 650 #0 - SUBJECT ADDED ENTRY--TOPICAL TERM | |
| Topical term or geographic name entry element | Psychology |
| Geographic subdivision | Soviet Union |
| General subdivision | History. |
| 9 (RLIN) | 37566 |
| 650 #0 - SUBJECT ADDED ENTRY--TOPICAL TERM | |
| Topical term or geographic name entry element | Psychology |
| General subdivision | Study and teaching |
| Geographic subdivision | Soviet Union. |
| 9 (RLIN) | 37565 |
| 906 ## - LOCAL DATA ELEMENT F, LDF (RLIN) | |
| a | 7 |
| b | cbc |
| c | orignew |
| d | u |
| e | ocip |
| f | 19 |
| g | y-gencatlg |
| 942 ## - ADDED ENTRY ELEMENTS (KOHA) | |
| Source of classification or shelving scheme | |
| Koha item type | Book |
| Withdrawn status | Lost status | Source of classification or shelving scheme | Damaged status | Not for loan | Permanent Location | Current Location | Shelving location | Date acquired | Full call number | Barcode | Date last seen | Price effective from | Koha item type | Total Checkouts |
|---|---|---|---|---|---|---|---|---|---|---|---|---|---|---|
| Central Library (CL) | Central Library (CL) | General Stacks | 03/25/2016 | 150.947 PRE | S3H-N-250 | 03/25/2016 | 03/25/2016 | Book | ||||||
| Institute of Environmental Science and Engineering (IESE) | Institute of Environmental Science and Engineering (IESE) | 12/07/2016 | 150/.9/47 | IESE-1628 | 12/07/2016 | 12/07/2016 | Book | |||||||
| Institute of Environmental Science and Engineering (IESE) | Institute of Environmental Science and Engineering (IESE) | 12/07/2016 | 150/.9/47 | IESE-1629 | 12/07/2016 | 12/07/2016 | Book |
